Datum a čas kvízu
16.5
Celkem bodů
Celkový počet nahraných bodů na tomto kvízu bez doplňovacích otázek.
7.
Pořadí na kvízu
Konečné umístění týmu na tomto kvízu.
Zaznamenané odpovědi
| # | Otázka | Odpověď | Body | Výsledky |
|---|---|---|---|---|
| 1. | Čeští senátoři zvolili ve stře... | 1 | ||
| 2. | Český europoslanec, zvolený za... | 0 | ||
| 3. | Nejstreamovanější kapela roku... | 0 | ||
| 4. | Další výrobce luxusních vozů o... | 1 | ||
| 5. | Londýnský fotbalový klub Fulha... | 0 | ||
| 5. | Herečku Hanu Vagnerovou můžeme... | 1 | ||
| 5. | Jak se jmenuje vítězka páté řa... | 0 | ||
| 8. | Dvojnásobná olympijská vítězka... | 1 | ||
| 5. | Jak se jmenuje herečka v roli... | 1 | ||
| 10. | Přiřaďte jména známých osobnos... | 0 |